| 000 | 00000nam 2200000zi 4500 |
| 001 | 9.929270 |
| 003 | CaOODSP |
| 005 | 20240213120345 |
| 006 | m o d f |
| 007 | cr cn||||||||| |
| 008 | 231020s2020 onco o f000 0 eng d |
| 040 | |aCaOODSP|beng|erda|cCaOODSP |
| 043 | |an-cn--- |
| 086 | 1 |aNM34-14/2020E-PDF |
| 245 | 00|aStrategic plan 2020-2025. |
| 264 | 1|a[Ottawa] : |bIngenium, |c[2020] |
| 300 | |a1 online resource (13 unnumbered pages) : |bphotographs |
| 336 | |atext|btxt|2rdacontent |
| 337 | |acomputer|bc|2rdamedia |
| 338 | |aonline resource|bcr|2rdacarrier |
| 500 | |aCover title. |
| 500 | |aIssued also in French under title: Plan stratégique 2020-2025. |
| 520 | |a"This Strategic Plan sets a clear direction for Ingenium, as we seek to build public trust in science and technology. The journey ahead includes building a nation of collaborators, communicators, and critical thinkers - a nation that works together to build a better world for all. We will achieve this through our three museums - the Canada Agriculture and Food Museum, the Canada Aviation and Space Museum, and the Canada Science and Technology Museum - along with the new Ingenium Centre, which houses our exceptional collection, Research Institute, and Digital Innovation Lab"--Page [2]. |
| 610 | 20|aIngenium (Canada)|xPlanning. |
| 650 | 0|aScience museums|zCanada|xPlanning. |
| 710 | 2 |aIngenium (Canada), |eissuing body. |
| 775 | 08|tPlan stratégique 2020-2025.|w(CaOODSP)9.929271 |
| 856 | 40|qPDF|s2.55 MB|uhttps://publications.gc.ca/collections/collection_2024/mstc-cstm/NM34-14-2020-eng.pdf |